000 00413nam a2200157 a 4500
005 20140412111228.0
008 020604s19uu xx 00 eng d
020 _a1-56884-620-7
050 _aM 004.67
_bL48 1996
100 _aLevine, John R.
245 _aThe internet for dummies /
_cJohn R. Levine.
260 _bIDG Books.
300 _a400 p.
650 _aComputer
_xStudy and teaching
999 _c102107
_d102107